Law of Hindu Co-oparcenary with commentary on the Hindu Succession Amending State Act (Record no. 349811)

MARC details
000 -LEADER
fixed length control field 00401nam a2200133Ia 4500
008 - FIXED-LENGTH DATA ELEMENTS--GENERAL INFORMATION
fixed length control field 230511s1999 xx 000 0 und d
041 ## - LANGUAGE CODE
Language code of text/sound track or separate title eng
082 ## - DEWEY DECIMAL CLASSIFICATION NUMBER
Classification number 346.052
100 ## - MAIN ENTRY--PERSONAL NAME
Personal name Divekar G M
245 ## - TITLE STATEMENT
Title Law of Hindu Co-oparcenary with commentary on the Hindu Succession Amending State Act
260 ## - PUBLICATION, DISTRIBUTION, ETC.
Place of publication, distribution, etc. Pune
Name of publisher, distributor, etc. Hind Law House
Date of publication, distribution, etc. 1999
300 ## - PHYSICAL DESCRIPTION
Extent 265
906 ## - LOCAL DATA ELEMENT F, LDF (RLIN)
a Family Law - Succession - India
Holdings
Withdrawn status Lost status Damaged status Not for loan Home library Current library Shelving location Date acquired Source of acquisition Cost, normal purchase price Total Checkouts Full call number Barcode Date last seen Price effective from Koha item type
        New Law College, Kolhapur New Law College, Kolhapur   11/05/2023 Bharati Madhyavarti Sahakari Grahak Bhandar Ltd. 180.00   346.052 NLK-5831 11/05/2023 11/05/2023 Textbook